00515nam a2200157Ia 4500008004100000020002400041040001900065041001200084082002500096245007600121260006900197300002500266504001900291650002100310651002600331131103s9999 xx 000 0 und d a8181310004cRs. 295 aLoreto College aEnglish a050/INDbLCLIB/42829 aIndia Book of the year 2003b Events of December 2001 to November 2002  aNew Delhi, ChennaibEncyclopaedia Britannica and The Hinduc2003 a404p, illus 24.5 cm. aIncludes index aGeneral Knoledge aIndia - Information